| 000 | 00531nam a22001817a 4500 | ||
|---|---|---|---|
| 999 |
_c525016 _d525016 |
||
| 003 | NUST | ||
| 005 | 20190628045050.0 | ||
| 008 | 190628b ||||| |||| 00| 0 eng d | ||
| 038 | _aMr. Zahoor | ||
| 082 | _a621.3 | ||
| 100 |
_aAzeem Irshad _915812 |
||
| 245 |
_aAN SSRLS APPROACH TO STATE ESTIMATION OF NONLINEAR SYSTEM / _cA ZEEM Irshad |
||
| 260 |
_aIslambad : _bCEME NUST, _c2013. |
||
| 300 |
_aill : xiv, 59 p. ; _c30cm. |
||
| 500 | _aHardcover. | ||
| 600 |
_aElectrical Engineering -MS -Thesis _915630 |
||
| 942 |
_2ddc _cTHE |
||